|
|
|
|
| LEADER |
00000cam a2200000 a 4500 |
| 001 |
vtls001219207 |
| 003 |
SK-MaSNL |
| 005 |
20260301234043.0 |
| 008 |
240620s1996 xo gr 000 f slo |
| 015 |
|
|
|a SNBA1996/1002721
|
| 020 |
|
|
|q (viazané)
|
| 035 |
|
|
|a SNK000163262
|
| 035 |
|
|
|a urn:nbn:sk:snk-amkf9m
|
| 035 |
|
|
|a urn:nbn:sk:snk-am003wlj
|
| 035 |
|
|
|a 3475A3E1-363E-4D93-A23F-B7DE508F6752
|
| 040 |
|
|
|a SNK
|b slo
|c SNK
|e AACR2
|
| 041 |
1 |
|
|a slo
|h eng
|
| 044 |
|
|
|a xo
|c SK
|
| 072 |
|
7 |
|a 821.111-3
|x Anglická próza, anglicky písaná
|2 konspekt
|
| 072 |
|
7 |
|a 821-31/-34
|x Ľúbostná, dobrodružná, fantastická próza
|2 konspekt
|
| 080 |
|
|
|a 821.111-31
|2 2011
|
| 080 |
|
|
|a (0:82-312.5)
|2 2011
|
| 100 |
1 |
|
|a Ballantine, Belinda
|4 aut
|9 42696
|
| 245 |
1 |
0 |
|a Čaro letnej noci
|c Belinda Ballantine ; [preklad: Magdaléna Juráková]
|
| 250 |
|
|
|a 1. vyd.
|
| 260 |
|
|
|a Poprad
|b Magdaléna Juráková
|c 1996
|
| 300 |
|
|
|a 44 strán
|c 21 cm
|
| 366 |
|
|
|e 1800 kusov
|
| 490 |
1 |
|
|a Románik o láske
|v č. 6/96
|v roč. 7
|
| 500 |
|
|
|a Ilustrácie na titulnej strane
|
| 500 |
|
|
|a Preložené z angličtiny
|
| 655 |
|
7 |
|a ľúbostné romány
|2 SNKPH
|9 70497
|
| 655 |
|
7 |
|a anglické romány
|2 SNKPH
|9 70428
|
| 700 |
1 |
|
|a Juráková, Magdaléna
|4 trl
|9 44650
|
| 830 |
|
0 |
|a Románik o láske
|9 278127
|
| 852 |
|
|
|a Slovenská národná knižnica
|
| 954 |
|
|
|a beletria cudzojazyčná (svetová)
|2 lita
|
| 958 |
|
|
|a RK
|
| 958 |
|
|
|a TL
|
| 958 |
|
|
|a LX
|
| 958 |
|
|
|a OND
|
| 958 |
|
|
|a UP
|
| 999 |
|
|
|c 968757
|d 970687
|
| 952 |
|
|
|a SNK
|b SNK
|y PREZ
|7 0
|p 17A0008541
|o snkSC 90977
|i snkKSP 6178/96
|0 0
|1 0
|4 0
|d 1996-08-08
|f 1
|l 0
|r 2025-09-09 00:00:00
|w 2026-02-24
|
| 952 |
|
|
|a SNK
|b SNK
|y VYP
|7 0
|p 17A0008540
|o snkSC 90977 D1
|i snkKSP 6179/96
|0 0
|1 0
|4 0
|d 1996-08-08
|l 0
|r 2005-01-01 00:00:00
|w 2026-02-24
|